Statistics for Cricket Players by Photo #2

Click here to take the quiz!

General Stats

  • This quiz has been taken 40 times
  • The average score is 11 of 16

Answer Stats

Answer% Correct
Lasith Malinga
92%
Ravindra Jadeja
92%
Ravichandran Ashwin
90%
Shaheen Afridi
90%
Babar Azam
87%
Joe Root
87%
Kagiso Rabada
87%
Viv Richards
74%
Shakib Al Hasan
72%
Jason Holder
69%
Ellyse Perry
64%
Josh Hazlewood
64%
Harmanpreet Kaur
59%
Meg Lanning
36%
Dimuth Karunaratne
33%
Tamim Iqbal
23%

Score Distribution

Percentile by Number Answered

Percent of People with Each Score

Your Score History

You have not taken this quiz